000 00622nam a2200181Ia 4500
003 GCL
008 140319s9999 xx 000 0 ara d
040 _aGCL /
_cGCL
082 0 4 _a600
_bا س
100 1 _aاكاديمية البحث العلمى والتكنولوجيا
245 1 0 _aالسياسة التكنولوجية فى ضوء المتغيرات المحلية والدولية /
_cاكاديمية البحث العلمى والتكنولوجيا
300 _a105 ص
490 _a
650 0 4 _aمصر
650 0 4 _aالتكنولوجيا
650 0 4 _aالتنمية السياسية
942 _2ddc
_cBK
999 _c39795
_d39795